Les 50 jeux vidéos les plus vendus dans le monde - Statistiques

Statistiques générales
  • Ce quiz a été pris 205 fois
  • Le résultat moyen est 8 sur 50
Statistiques - réponses
Rang Année
de sortie
Exemplaires
vendus
Genres Jeu vidéo % Correct
1 2011 300 millions Aventure, bac à sable Minecraft
90%
2 2013 200 millions TTP, Action-aventure, bac à sable Grand Theft Auto V
65%
19 1989 32,14 millions Puzzle, réflexion Tetris / DX (Game Boy)
64%
3 2006 100 millions Puzzle, réflexion Tetris (EA)
64%
5 2017 75 millions Battle royale PUBG Battlegrounds
50%
41 2008 25 millions Action-aventure, TTP, bac à sable Grand Theft Auto IV
40%
6 2014 70,43 millions Course, combat motorisé Mario Kart 8 / Deluxe
37%
4 2006 82,90 millions Sport Wii Sports
33%
35 2010 26,2 millions Tir à la première personne Call of Duty : Black Ops
31%
14 2007 43,80 millions Plateformes Super Mario Bros.
29%
45 2017 24 millions Sport, simulation FIFA 18
25%
30 2004 27,5 millions Action-aventure, TTP, bac à sable Grand Theft Auto : San Andreas
24%
7 2018 64 millions Action-aventure, TTP, mondeouvert Red Dead Redemption ii
24%
17 2017 33,55 millions Combat, action-RPG, bac à sable,action-aventure The Legend of Zelda :Breath of the Wild
24%
15 2008 37,38 millions Course, combat motorisé Mario Kart Wii
20%
23 2019 30 millions TPP, aventure Call of Duty : Modern Warfare
16%
10 1996 47,19 millions Aventure, JRPG Pokémon Rouge / Bleu /Vert / Jaune
15%
40 2022 25 millions Action-RPG, aventure, combat, plateformes Elden Ring
14%
43 2012 24,2 millions TTP, aventure Call of Duty : Balck Ops II
13%
38 2006 25,27 millions Aventure, JRPG Pokémon Diamant / Perle / Platine
13%
22 1999 30,12 millions Aventure, JRPG Pokémon Or / Argent / Cristal
13%
11 2020 45,36 millions Simulation de vie, aventure Animal Crossing New Horizons
11%
20 2006 30,80 millions Plateformes New Super Mario Bros.
10%
34 2019 26,27 millions Jeu de rôle, aventure Pokémon Épée / Bouclier
10%
16 2018 34,22 millions Combat, plateformes Super Smash Bros. Ultimate
10%
9 2015 50 millions Action-RPG The Witcher 3 : Wild Hunt
10%
29 2017 27,96 millions Combat, action-aventure Super Mario Odyssey
9%
18 2009 33,14 millions Sport, course, combat, tir,simulation Wii Sports Resort
9%
12 2011 44,5à millions Action-aventure, bac à sable Terraria
8%
32 2011 26,5 millions TPP, aventure Call of Duty : Modern Warfare 3
7%
36 2016 25,54 millions Jeu de rôle, aventure Pokémon Soleil / Lune / Ultra-Soleil /Ultra-Lune
7%
24 2012 30 millions Dudgeon crawler, hack ‘n’ slash Diablo III
5%
31 1990 26,66 millions Plateformes Super Mario World
5%
13 2007 43,80 millions Simulation, sport Wii Fit / Plus
5%
44 2018 24,19 millions Action-aventure, gameplay non-linéaire Marvel’s Spider Man
4%
21 2009 30,32 millions Plateformes New Super Mario Bros. Wii
4%
42 2022 24,92 millions Jeu de rôle, aventure Pokémon Écarlate / Violet
4%
49 1991 23,98 millions Plateformes Sonic the Hedgehog
4%
39 2020 25 millions Jeu de rôle, aventure, tir, combat Cyberpunk 2077
3%
50 2005 23,96 millions Simulation de vie, simulation économique Nintendogs
3%
25 2016 30 millions Indé, jeu de rôle, aventure, simulation de vie Stardew Valley
3%
28 2012 28 millions TPP, action-RPG Borderlands 2
2%
26 1984 28,3 millions TPO, TPP, sport, simulation Duck Hunt
2%
27 2006 28,02 millions Sport, action, réflexion, simulation Wii Play
2%
46 2023 24 millions Action-RPG, réflexion, divertissement, bac à sable Hogwarts Legacy
1%
47 2017 24 millions Action-RPG, tir, action-aventure, gameplay non-linéaire Horizon Zero Dawn
1%
37 2018 25,32 milions Combat, action-RPG, action-aventure Monster Hunter : World
1%
33 2012 26,34 millions Plateformes New Super Mario Bros. U / Luigi U /Deluxe
1%
8 2016 50 millions Plateformes, réflexion Human : Fall Flat
0%
48 2010 24 millions Aventure, sport, exergaming, simulation Kinect Adventures
0%
Aucun quiz correspondant
Distribution des résultats
% des personnes avec chaque résultat
Percentile par nombre de réponses
Votre historique - résultats
Vous n’avez pas pris ce quiz